[Event "Desafio CXVG 5"]
[Site "http://www.queenalice.com/game.php?id=1207232"]
[Date "2013.8.11"]
[Round "-"]
[White "Neimar_Dantas"]
[Black "Said"]
[Result "1-0"]
[WhiteElo "2128"]
[BlackElo "2059"]

1. d4 Nf6 2. Nf3 d5 3. e3 c5 4. Be2 Nc6 5. O-O Bg4 6. b3 e6 7. Bb2 Be7 8. Nbd2
O-O 9. a3 Rc8 10. Rc1 cxd4 11. exd4 Bd6 12. Ne5 Bxe2 13. Qxe2 Qe7 14. b4 a5 15.
b5 Nxd4 16. Bxd4 Bxa3 17. Ra1 Rxc2 18. Qd3 Rfc8 19. Nc6 R2xc6 20. bxc6 Bb4 21.
cxb7 Rb8 22. Bxf6 Qxf6 23. Rac1 Rxb7 24. Rc8+ Bf8 25. Qa3 Rb4 26. Qxa5 Rb2 27.
Qa3 1-0

[Event "Desafio CXVG 6"]
[Site "http://www.queenalice.com/game.php?id=1207233"]
[Date "2013.8.11"]
[Round "-"]
[White "Said"]
[Black "Neimar_Dantas"]
[Result "1-0"]
[WhiteElo "2056"]
[BlackElo "2100"]

1. c4 c6 2. e4 d5 3. exd5 cxd5 4. d4 Nf6 5. Nc3 g6 6. Qb3 Bg7 7. Nf3 O-O 8. cxd5
Nbd7 9. Bg5 Nb6 10. Bxf6 Bxf6 11. Be2 Bf5 12. O-O Rc8 13. Rac1 Qd6 14. Rfe1 Rfd8
15. Bf1 Nxd5 16. Qxb7 Rb8 17. Qxd5 Qxd5 18. Nxd5 Rxd5 19. b3 Bg4 20. Ne5 Bxe5
21. Rxe5 Rd7 22. Bc4 Kg7 23. f3 f6 24. Re3 Bf5 25. g4 e6 26. gxf5 exf5 27. d5
Kh6 28. Rce1 Kg5 29. Re7 Rdd8 30. Rxa7 h5 31. Re6 Rf8 32. d6 Rbd8 33. d7 Rf7 34.
Bb5 f4 35. Re8 Rf8 36. Rxf8 Rxf8 37. Rc7 f5 38. Rc8 Rf6 39. d8=B h4 40. Rc6 h3
41. Bxf6+ Kh5 42. Rc8 g5 43. Be8+ Kh4 44. Be5 g4 45. Bf6# 1-0

[Event "Desafio CXVG 7"]
[Site "http://www.queenalice.com/game.php?id=1207234"]
[Date "2013.8.11"]
[Round "-"]
[White "Neimar_Dantas"]
[Black "Said"]
[Result "1/2-1/2"]
[WhiteElo "2083"]
[BlackElo "2074"]

1. d4 Nf6 2. Nf3 e6 3. e3 c5 4. Be2 d5 5. O-O Nc6 6. b3 Bd6 7. Bb2 O-O 8. Nbd2
Qe7 9. Ne5 cxd4 10. exd4 Ba3 11. Bxa3 Qxa3 12. Ndf3 Ne4 13. Nxc6 bxc6 14. Bd3
Ba6 15. Ne5 Bxd3 16. Qxd3 c5 17. f3 Nf6 18. dxc5 Qxc5+ 19. Kh1 Rac8 20. c4 dxc4
21. Nxc4 Rfd8 22. Qe2 a5 23. Rfd1 Nd5 24. Rac1 Qb4 25. Qd2 h6 26. Qxb4 axb4 27.
g3 Ra8 28. Rd2 Nc3 29. Rxd8+ Rxd8 30. a3 bxa3 31. Nxa3 Rd3 32. Kg2 Ne2 33. Rc8+
Kh7 34. Rb8 Nd4 35. f4 Rxb3 36. Rxb3 Nxb3 37. Nc4 f6 38. Kf2 Kg6 39. Ke3 Kf7 40.
g4 g6 41. h4 Ke7 42. g5 fxg5 43. fxg5 Kf7 44. gxh6 Kg8 45. Ne5 Kh7 46. Ng4 Nc5
47. Kf4 Nd7 48. Kg5 e5 49. h5 gxh5 50. Kxh5 e4 51. Kg5 e3 1/2-1/2

[Event "Desafio CXVG 8"]
[Site "http://www.queenalice.com/game.php?id=1207235"]
[Date "2013.8.11"]
[Round "-"]
[White "Said"]
[Black "Neimar_Dantas"]
[Result "1-0"]
[WhiteElo "2072"]
[BlackElo "2068"]

1. d4 d5 2. c4 Nf6 3. cxd5 Nxd5 4. e4 Nf6 5. Nc3 e5 6. Nf3 exd4 7. Nxd4 Bc5 8.
Be3 O-O 9. Be2 Nbd7 10. O-O c6 11. Qc2 Re8 12. Rfd1 Qe7 13. Nf5 Qe5 14. Bxc5
Qxc5 15. Rac1 Nxe4 16. Nxe4 Qxc2 17. Rxc2 Rxe4 18. Nd6 Re7 19. Bg4 f5 20. Bxf5
Nb6 21. Nxc8 Nxc8 22. Rd8+ Kf7 23. f4 Nb6 24. Rxa8 Nxa8 25. Bxh7 Nc7 26. Bd3 Nd5
27. g3 Kf6 28. a3 Re1+ 29. Kf2 Rh1 30. h4 Rh2+ 31. Kf3 Rh1 32. Re2 Rd1 33. Bc2
Rd4 34. h5 a5 35. Bh7 Ne7 36. g4 c5 37. g5+ Kf7 38. Be4 b5 39. h6 Rd8 40. hxg7
Kxg7 41. f5 Ng8 42. Ke3 c4 43. Rd2 Rc8 44. Rd7+ Kf8 45. Kd4 b4 46. axb4 axb4 47.
f6 c3 48. Bg6 Nxf6 49. gxf6 c2 50. Rh7 Rd8+ 51. Ke5 Kg8 52. f7+ Kf8 53. Rh8+ Kg7
54. Rxd8 c1=Q 55. f8=Q+ Kxg6 56. Qf5+ Kh6 57. Rd6+ Kg7 58. Qf6+ Kh7 59. Qf7+ 1-0

[Event "Challenge"]
[Site "http://www.queenalice.com/game.php?id=1207954"]
[Date "2013.8.14"]
[Round "-"]
[White "jeancarlo1910"]
[Black "Said"]
[Result "0-1"]
[WhiteElo "1995"]
[BlackElo "2065"]

1. d4 Nf6 2. Nc3 d5 3. Bg5 e6 4. Nf3 Be7 5. e3 Nbd7 6. Bb5 c6 7. Bd3 O-O 8. Ne5
h6 9. Bh4 c5 10. f4 c4 11. Be2 a6 12. Bf3 Re8 13. Qe2 Nxe5 14. dxe5 Nd7 15. Bxe7
Qxe7 16. Qf2 b5 17. g4 Qb4 18. g5 Qxb2 19. Kd2 b4 20. gxh6 Qxc3+ 21. Ke2 Qxc2+
22. Kf1 Qxf2+ 23. Kxf2 gxh6 24. Bh5 Bb7 25. Rhg1+ Kf8 26. Rg3 c3 27. Bd1 Ke7 28.
Ba4 Rg8 29. Rag1 Rxg3 30. Rxg3 Nc5 31. Bc2 Ne4+ 32. Bxe4 dxe4 33. Rg1 Bd5 34.
Ra1 Rc8 0-1

[Event "mesa 37"]
[Site "http://www.queenalice.com/game.php?id=1232476"]
[Date "2013.11.14"]
[Round "-"]
[White "Herbert_Paulo"]
[Black "Said"]
[Result "0-1"]
[WhiteElo "1949"]
[BlackElo "2060"]

1. e4 c5 2. Nf3 d6 3. d4 cxd4 4. Nxd4 Nf6 5. Nc3 a6 6. Be2 e5 7. Nf3 Qc7 8. O-O
b5 9. a3 Be6 10. Bg5 Nbd7 11. Rc1 Be7 12. Ne1 O-O 13. Nd3 h6 14. Bh4 Nb6 15. f4
Nxe4 16. Bxe7 Nxc3 17. Bxd6 Nxe2+ 18. Qxe2 Qxd6 19. Nxe5 Nc4 20. Nd3 Qd4+ 21.
Kh1 Nxb2 22. Ne5 Nc4 23. Nc6 Qc5 24. Ne5 Nxe5 25. fxe5 Bc4 26. Qf2 Bxf1 27. Qxc5
Bc4 28. h3 Rfd8 29. Kh2 Rd2 30. Kg3 Rad8 31. Qb6 Re8 32. Qa5 Re2 33. Qxa6 R8xe5
34. h4 Re6 35. Qa8+ Kh7 36. a4 R6e3+ 37. Kh2 bxa4 38. Qxa4 Bd5 39. Rg1 Re4 40.
Qb5 Be6 41. Kg3 Rxc2 42. Qd3 Re2 43. Rf1 Re3+ 0-1

[Event "Challenge"]
[Site "http://www.queenalice.com/game.php?id=1235616"]
[Date "2013.11.27"]
[Round "-"]
[White "renatosena2003"]
[Black "Said"]
[Result "1-0"]
[WhiteElo "2144"]
[BlackElo "2088"]

1. e4 c5 2. Nf3 d6 3. Bb5+ Bd7 4. Nc3 Nc6 5. O-O Nf6 6. d4 cxd4 7. Nxd4 e6 8.
Bg5 Be7 9. f4 Qb6 10. Bxc6 bxc6 11. e5 dxe5 12. fxe5 Nd5 13. Nxd5 cxd5 14. Bxe7
Kxe7 15. Qg4 Rhg8 16. Rf3 Raf8 17. Rb3 Qc7 18. Rf1 Qxe5 19. Qh4+ Ke8 20. Kh1 h6
21. Nf5 g5 22. Qb4 exf5 23. Re1 Qxe1+ 24. Qxe1+ Be6 25. Qe5 1-0

[Event "bonow-2"]
[Site "http://www.queenalice.com/game.php?id=1236741"]
[Date "2013.12.1"]
[Round "1"]
[White "Spessatto"]
[Black "Said"]
[Result "0-1"]
[WhiteElo "1891"]
[BlackElo "2063"]

1. d4 Nf6 2. h3 c5 3. Nf3 cxd4 4. Qxd4 Nc6 5. Qd1 d5 6. Bf4 Qb6 7. Qc1 Ne4 8.
Be3 Qc7 9. Nfd2 Nxd2 10. Bxd2 e5 11. Bg5 Bc5 12. Bh4 Bf5 13. e3 Nb4 14. c3 Nc2+
15. Kd2 Nxa1 16. Bb5+ Bd7 17. Bxd7+ Qxd7 18. Ke1 Qf5 19. Nd2 Nc2+ 20. Kf1 Nxe3+
21. Ke2 Nxg2 22. Bg3 O-O 23. Rg1 Nf4+ 24. Bxf4 Qxf4 25. Nf3 Qc4+ 26. Ke1 d4 27.
Rg4 Qd3 28. Nxe5 Rae8 29. f4 f6 0-1

[Event "bonow-2"]
[Site "http://www.queenalice.com/game.php?id=1236751"]
[Date "2013.12.1"]
[Round "2"]
[White "Said"]
[Black "josebaron"]
[Result "0-1"]
[WhiteElo "2074"]
[BlackElo "1990"]

1. d4 d5 2. c4 c6 3. Nc3 Nf6 4. Nf3 Bf5 5. Bg5 e6 6. Nh4 Bg6 7. Nxg6 fxg6 8.
cxd5 cxd5 9. e3 Be7 10. Bb5+ Nbd7 11. a4 Ne4 12. Bxe7 Qxe7 13. Nxe4 dxe4 14. Qg4
O-O 15. Bxd7 Qxd7 16. Qxe4 Qc6 17. Qxc6 bxc6 18. Ke2 Rab8 19. Rab1 a5 20. Rhc1
Rfc8 21. Rc5 Ra8 22. Rbc1 Ra6 23. Re5 Kf7 24. Rcc5 Rb8 25. Rxa5 Rxb2+ 26. Kf3
Rxa5 27. Rxa5 Rb6 28. Ra7+ Kf6 29. a5 Rb5 30. a6 Ra5 31. Ra8 g5 32. a7 Ke7 33.
Rg8 Kd6 34. a8=Q Rxa8 35. Rxa8 c5 36. dxc5+ Kxc5 37. Rd8 h5 38. Ke4 Kc6 39. Ke5
Kc7 40. Rd1 h4 41. Kxe6 g4 0-1

[Event "Challenge"]
[Site "http://www.queenalice.com/game.php?id=1243089"]
[Date "2013.12.27"]
[Round "-"]
[White "Said"]
[Black "renatosena2003"]
[Result "1-0"]
[WhiteElo "2085"]
[BlackElo "2106"]

1. Nc3 d5 2. d4 Nf6 3. Bf4 e6 4. e3 Bb4 5. Bd3 O-O 6. a3 Ba5 7. b4 Bb6 8. Nf3
Nh5 9. Bg5 Nf6 10. O-O h6 11. Bh4 Nc6 12. Ne5 g5 13. Bg3 1-0

[Event "Let's Play Chess!"]
[Site "http://www.queenalice.com/game.php?id=1246152"]
[Date "2014.1.8"]
[Round "-"]
[White "dextermorgan"]
[Black "Said"]
[Result "1-0"]
[WhiteElo "1929"]
[BlackElo "2085"]

1. Nf3 Nf6 2. c4 d5 3. cxd5 Nxd5 4. e4 Nb6 5. d4 Bg4 6. Nc3 e5 7. d5 N8d7 8. h3
Bh5 9. Be2 Bc5 10. O-O O-O 11. Bg5 Be7 12. Bxe7 Qxe7 13. Qc2 Rfc8 14. Rac1 a6
15. Rfd1 Nf6 16. Nh4 Bxe2 17. Nf5 Qf8 18. Nxe2 g6 19. Ne3 Ne8 20. Qd3 Qb4 21. f3
Nd6 22. Rc2 h5 23. g4 hxg4 24. Nxg4 Nd7 25. Rdc1 Rab8 26. Qe3 c6 27. dxc6 bxc6
28. Rd2 Ra8 29. a3 Qb8 30. Qd3 Nb5 31. Qxd7 1-0

[Event "Challenge"]
[Site "http://www.queenalice.com/game.php?id=1246273"]
[Date "2014.1.8"]
[Round "-"]
[White "Said"]
[Black "peritezz"]
[Result "0-1"]
[WhiteElo "2046"]
[BlackElo "2253"]

1. c4 e5 2. Nc3 Nf6 3. d3 Bb4 4. e4 Nc6 5. Be2 O-O 6. Nf3 d6 7. O-O Bc5 8. a3
Nd4 9. Nxd4 Bxd4 10. Bg5 c6 11. Rc1 h6 12. Bh4 Be6 13. b4 a5 14. b5 g5 15. Bg3
a4 16. Bf3 Qa5 17. Ne2 Bb2 18. Rb1 Bxa3 19. bxc6 bxc6 20. h3 Nd7 21. Qc2 Bc5 22.
Rfd1 Rfb8 23. Rxb8+ Rxb8 24. d4 exd4 25. Nxd4 Bxd4 26. Rxd4 a3 27. Rd1 Rb2 28.
Qd3 a2 29. Ra1 Ne5 30. Bxe5 dxe5 31. Kh2 Qc5 0-1

[Event "Challenge"]
[Site "http://www.queenalice.com/game.php?id=1246274"]
[Date "2014.1.8"]
[Round "-"]
[White "CliffOliveira"]
[Black "Said"]
[Result "0-1"]
[WhiteElo "1933"]
[BlackElo "2066"]

1. d4 Nf6 2. c4 e6 3. Nf3 Bb4+ 4. Bd2 Bxd2+ 5. Nbxd2 d5 6. g3 O-O 7. Bg2 Nbd7 8.
O-O c5 9. Qc2 b6 10. e4 dxe4 0-1

[Event "Challenge"]
[Site "http://www.queenalice.com/game.php?id=1246276"]
[Date "2014.1.8"]
[Round "-"]
[White "brunkali"]
[Black "Said"]
[Result "0-1"]
[WhiteElo "2056"]
[BlackElo "2070"]

1. e4 c5 2. c3 Nf6 3. f3 e5 4. d4 exd4 5. cxd4 cxd4 6. Qxd4 Nc6 7. Qd1 d5 8.
exd5 Nxd5 9. Bd2 Bc5 10. Bb5 O-O 11. Bxc6 bxc6 12. Nc3 Qh4+ 13. g3 Qd4 14. Ne4
Re8 15. Ne2 Rxe4 16. Bc3 Qf2+ 17. Kd2 Qxf3 18. Rf1 Qe3+ 0-1

[Event "Challenge"]
[Site "http://www.queenalice.com/game.php?id=1246277"]
[Date "2014.1.8"]
[Round "-"]
[White "Said"]
[Black "Ridigroll"]
[Result "0-1"]
[WhiteElo "2080"]
[BlackElo "2133"]

1. d4 Nf6 2. c4 e6 3. Nc3 d5 4. Nf3 c6 5. Bg5 dxc4 6. e4 b5 7. d5 b4 8. dxe6
Bxe6 9. Qxd8+ Kxd8 10. Na4 Be7 11. Bxf6 Bxf6 12. O-O-O+ Kc7 13. Nc5 c3 14. Nxe6+
fxe6 15. e5 cxb2+ 16. Kxb2 Be7 17. Nd4 Kb6 18. Nxe6 g6 19. Bc4 Na6 20. Bxa6 Kxa6
21. Nc7+ Kb6 22. Nxa8+ Rxa8 23. Rd7 Bc5 24. e6 Re8 25. Rxh7 Rxe6 26. Kb3 Kb5 27.
Rb7+ Bb6 28. a3 a5 29. axb4 axb4 30. Rd1 c5 31. Rd5 Re2 32. h4 Kc6 33. Rdd7 Kb5
34. Rd5 Kc6 35. Rdd7 Rxf2 36. g4 Kb5 37. Rd5 Rg2 38. Rg5 Rh2 39. Rxg6 c4# 0-1

[Event "Challenge"]
[Site "http://www.queenalice.com/game.php?id=1246281"]
[Date "2014.1.8"]
[Round "-"]
[White "Said"]
[Black "neromann"]
[Result "0-1"]
[WhiteElo "2091"]
[BlackElo "2224"]

1. c4 Nf6 2. Nc3 e6 3. e4 d5 4. exd5 exd5 5. d4 Be7 6. Nf3 O-O 7. Be2 Nc6 8. O-O
dxc4 9. Bxc4 Bg4 10. Be3 a6 11. h3 Bxf3 12. Qxf3 Bd6 13. Ne4 Nxe4 14. Qxe4 Qf6
15. Rad1 Rae8 16. Qc2 Re7 17. Bxa6 Nb4 18. Qb3 bxa6 0-1

[Event "Challenge"]
[Site "http://www.queenalice.com/game.php?id=1246282"]
[Date "2014.1.8"]
[Round "-"]
[White "neromann"]
[Black "Said"]
[Result "1-0"]
[WhiteElo "2243"]
[BlackElo "2077"]

1. d4 Nf6 2. c4 e6 3. Nf3 Bb4+ 4. Bd2 Bxd2+ 5. Qxd2 d5 6. Nc3 O-O 7. e3 Qe7 8.
Rc1 Nc6 9. Bd3 dxc4 10. Bxc4 Rd8 11. O-O e5 12. Ng5 Be6 13. Nxe6 fxe6 14. Ne2
exd4 15. exd4 Nd5 16. Rfe1 Qf6 17. Rcd1 Rf8 18. Ng3 Rad8 19. Ne4 Qf5 20. Nc5 Rf6
21. Bd3 Qg4 22. h3 Qf4 23. Nxe6 Qxd2 24. Rxd2 Nxd4 25. Nxd8 1-0

[Event "Challenge"]
[Site "http://www.queenalice.com/game.php?id=1248794"]
[Date "2014.1.16"]
[Round "-"]
[White "Flamengo_Brasil"]
[Black "Said"]
[Result "1-0"]
[WhiteElo "2249"]
[BlackElo "2101"]

1. e4 c5 2. Nf3 d6 3. d4 cxd4 4. Nxd4 Nf6 5. Nc3 a6 6. Be3 e5 7. Nb3 Qc7 8. Bd3
Be7 9. O-O b5 10. a4 b4 11. Nd5 Nxd5 12. exd5 O-O 13. Bd2 a5 14. Qh5 g6 15. Qf3
Nd7 16. Bh6 Re8 17. Rfe1 Bf8 18. Bg5 f5 19. Bb5 e4 20. Qg3 Bg7 21. Bc6 Bb7 22.
Qe3 Bxc6 23. dxc6 Qxc6 24. Nd4 Qc4 25. Rad1 Ne5 26. Nb5 Nf7 27. Rxd6 Qxc2 28.
Rd2 Qc6 29. Red1 Ne5 30. Nd6 Re6 31. Qb3 Qd7 32. Nb7 Nd3 33. Rxd3 exd3 34. Nc5
Qe8 35. Nxe6 Kh8 36. Nxg7 Kxg7 37. Qxd3 1-0

[Event "Let's Play Chess!"]
[Site "http://www.queenalice.com/game.php?id=1249880"]
[Date "2014.1.21"]
[Round "-"]
[White "Said"]
[Black "BartolomeuDias"]
[Result "0-1"]
[WhiteElo "2102"]
[BlackElo "2520"]

1. c4 e5 2. Nc3 Nc6 3. d3 Nf6 4. g3 d5 5. cxd5 Nxd5 6. Bg2 Be6 7. a3 Nd4 8. Nf3
Nxc3 9. bxc3 Bb3 10. Qd2 Nc2+ 11. Kf1 Nxa1 12. Qb2 e4 13. Nd4 exd3 14. Qxa1
dxe2+ 15. Kxe2 Bc4+ 16. Ke1 Bc5 17. Bxb7 O-O 18. Bxa8 Qxa8 19. Rg1 Qe4+ 20. Be3
Rb8 0-1